#8 Soccer World Cup Participant ? - Statistics

General Stats
  • This quiz has been taken 41 times
  • The average score is 5 of 6
Answers on the Grid
Answers color-coded by a green-red scale on the quiz's grid according to % correct below.
Brazil
Uruguay
Croatia
Netherlands
Jamaica
El Salvador
Liberia
Singapore
Mongolia
Uzbekistan
Madagascar
Tanzania
Maldives
Sierra Leone
Central African Republic/ CAR
 
Answer Stats
Answer % Correct
Brazil
93%
El Salvador
87%
Croatia
80%
Netherlands
80%
Uruguay
73%
Jamaica
67%
No matching quizzes found
Score Distribution
Percent of People with Each Score
Percentile by Number Answered
Your Score History
You have not taken this quiz